00378nam a2200157Ia 45000010006000000050017000060080041000230410008000640820019000721000027000912450044001182600009001623000033001716500008002046540008002122245820260414150832.0260414t2001||||xx |||||||||||||| ||spa|| aESP a621.38133bC75 aCollin, Robert E.eAUT 0aFoundations for microwave engineeringb c2001 axix, 924 páginas :c24 cm. aTCA aCET